[Event "EU-Cup 29th"]
[Site "Rhodes"]
[Date "2013.10.26"]
[Round "7.2"]
[White "MacQueen, Calum"]
[Black "Ronchetti, Niccolo"]
[Result "1-0"]
[WhiteElo "2236"]
[BlackElo "2450"]
[PlyCount "81"]
[EventDate "2013.10.20"]
[EventType "team-swiss"]
[EventRounds "7"]
[EventCountry "GRE"]
[SourceTitle "CBM 157"]
[Source "ChessBase"]
[SourceDate "2013.11.12"]
[SourceVersion "1"]
[SourceVersionDate "2013.11.12"]
[SourceQuality "1"]
[WhiteTeam "Edinburgh"]
[BlackTeam "Bologna"]
[WhiteTeamCountry "SCO"]
[BlackTeamCountry "ITA"]

1. d4 Nf6 2. c4 Nc6 3. Nf3 e6 4. a3 d6 5. Nc3 g6 6. e4 Bg7 7. h3 0-0 8. Bg5 h6 9. Be3 Re8 10. Qd2 e5 11. dxe5 dxe5 12. Bxh6 Qxd2+ 13. Bxd2 Nd4 14. 0-0-0 Nb3+ 15. Kc2 Nxd2 16. Nxd2 c6 17. Be2 Bf8 18. b4 a5 19. c5 axb4 20. axb4 b6 21. cxb6 Bxb4 22. Rb1 c5 23. f3 Rb8 24. Nc4 Ba6 25. Rhd1 Bxc4 26. Bxc4 Rxb6 27. Nd5 Nxd5 28. Rxd5 Re7 29. Ra1 Rbb7 30. g4 Ra7 31. Rxe5 Rxa1 32. Rxe7 Ra3 33. Bxf7+ Kf8 34. Rc7 g5 35. Bb3 Ra1 36. e5 Re1 37. e6 Re3 38. Rf7+ Kg8 39. e7 Rc3+ 40. Kd1 Rd3+ 41. Ke2 1-0

[Event "EU-Cup 29th"]
[Site "Rhodes"]
[Date "2013.10.21"]
[Round "2.2"]
[White "Ronchetti, Niccolo"]
[Black "Zhigalko, Sergei"]
[Result "1/2-1/2"]
[WhiteElo "2450"]
[BlackElo "2683"]
[PlyCount "91"]
[EventDate "2013.10.20"]
[EventType "team-swiss"]
[EventRounds "7"]
[EventCountry "GRE"]
[SourceTitle "CBM 157"]
[Source "ChessBase"]
[SourceDate "2013.11.12"]
[SourceVersion "1"]
[SourceVersionDate "2013.11.12"]
[SourceQuality "1"]
[WhiteTeam "Bologna"]
[BlackTeam "Rostov"]
[WhiteTeamCountry "ITA"]
[BlackTeamCountry "RUS"]

1. e4 c5 2. c3 Nf6 3. e5 Nd5 4. d4 cxd4 5. Nf3 Nc6 6. cxd4 d6 7. Bc4 e6 8. 0-0 Be7 9. exd6 Qxd6 10. Nc3 0-0 11. Re1 Nxc3 12. bxc3 Bd7 13. Bd3 Rac8 14. Qe2 a6 15. Ng5 Bxg5 16. Bxg5 f5 17. Qd2 Na5 18. Bf4 Qc6 19. Be5 Rf7 20. Re3 Qxc3 21. Qxc3 Rxc3 22. d5 Rc8 23. dxe6 Bxe6 24. Bxg7 Kxg7 25. Rxe6 Rc3 26. Rd6 Nc4 27. Rd5 Nb6 28. Rd4 Nc8 29. f4 Na7 30. Re1 Nc6 31. Rd6 Nb4 32. Bb1 Nc2 33. Rc1 Nd4 34. Rxc3 Ne2+ 35. Kf1 Nxc3 36. Bc2 Rc7 37. Bxf5 Nxa2 38. h4 Rf7 39. g4 h5 40. Kg2 hxg4 41. Rg6+ Kh7 42. Rg5+ Kh6 43. Rg6+ Kh5 44. Rg5+ Kh6 45. Rg6+ Kh5 46. Rg5+ 1/2-1/2

[Event "Pacific Southwest op 53rd"]
[Site "Los Angeles"]
[Date "2013.07.07"]
[Round "6"]
[White "Amanov, Zhanibek"]
[Black "Ronchetti, Niccolo"]
[Result "0-1"]
[WhiteElo "2362"]
[BlackElo "2450"]
[PlyCount "94"]
[EventDate "2013.07.05"]
[EventType "swiss"]
[EventRounds "6"]
[EventCountry "USA"]
[SourceTitle "CBM 155 Extra"]
[Source "ChessBase"]
[SourceDate "2013.08.26"]
[SourceVersion "1"]
[SourceVersionDate "2013.08.26"]
[SourceQuality "1"]

1. e4 e5 2. Nf3 Nc6 3. Bb5 a6 4. Ba4 Nf6 5. 0-0 Be7 6. d3 b5 7. Bb3 d6 8. a4 Bg4 9. c3 0-0 10. Nbd2 Na5 11. Bc2 c5 12. h3 Be6 13. d4 cxd4 14. cxd4 Qc7 15. Re1 Bd7 16. axb5 Bxb5 17. Nf1 Rac8 18. Bb1 Qxc1 19. Qxc1 Rxc1 20. Rxc1 Nb3 21. Ba2 Nxa1 22. Rxa1 Nxe4 23. dxe5 dxe5 24. Re1 Nd6 25. Nxe5 Bf6 26. Nd2 Re8 27. Ndf3 g5 28. Bd5 Kg7 29. b3 h6 30. g3 Re7 31. Kg2 Nf5 32. g4 Nd6 33. Nc6 Rxe1 34. Nxe1 Bc3 35. Nc2 f5 36. N2d4 Bxd4 37. Nxd4 f4 38. h4 Kf6 39. hxg5+ hxg5 40. Be6 Bd3 41. Bd7 Be4+ 42. f3 Bd5 43. b4 Ke5 44. Nc2 Bb3 45. Na3 Nc4 46. Nb1 Kd4 47. Kf2 Bc2 0-1

[Event "Pacific Southwest op 53rd"]
[Site "Los Angeles"]
[Date "2013.07.05"]
[Round "2"]
[White "Shver, Evgeny"]
[Black "Ronchetti, Niccolo"]
[Result "0-1"]
[WhiteElo "2304"]
[BlackElo "2450"]
[PlyCount "90"]
[EventDate "2013.07.05"]
[EventType "swiss"]
[EventRounds "6"]
[EventCountry "USA"]
[SourceTitle "CBM 155 Extra"]
[Source "ChessBase"]
[SourceDate "2013.08.26"]
[SourceVersion "1"]
[SourceVersionDate "2013.08.26"]
[SourceQuality "1"]

1. Nf3 Nf6 2. c4 c5 3. Nc3 Nc6 4. g3 d5 5. cxd5 Nxd5 6. Bg2 Nc7 7. 0-0 e5 8. a3 f6 9. d3 Be6 10. Bd2 Qd7 11. Rc1 Be7 12. Ne4 Na6 13. Be3 Nd4 14. b4 cxb4 15. axb4 Bxb4 16. Rb1 Nxf3+ 17. Bxf3 0-0 18. Rxb4 Nxb4 19. Bc5 Nc6 20. Bxf8 Rxf8 21. Nc5 Qe7 22. Nxe6 Qxe6 23. Qa4 Nd4 24. Qxa7 Nxf3+ 25. exf3 Qa6 26. Ra1 Qxa7 27. Rxa7 Rb8 28. Kf1 Kf7 29. Ke2 Ke6 30. Kd2 h5 31. Kc3 g5 32. d4 Rc8+ 33. Kd3 Rc7 34. dxe5 Rd7+ 35. Ke3 Kxe5 36. Ra8 Kf5 37. Ra5+ Kg6 38. h4 Re7+ 39. Kd2 gxh4 40. Ra4 hxg3 41. fxg3 b5 42. Rb4 Re5 43. Kd3 Rd5+ 44. Ke3 Rg5 45. Kf2 Kf7 0-1

[Event "ITA-chT"]
[Site "Arvier"]
[Date "2012.04.30"]
[Round "6"]
[White "Ronchetti, Niccolo"]
[Black "Caruana, Fabiano"]
[Result "1/2-1/2"]
[WhiteElo "2446"]
[BlackElo "2767"]
[PlyCount "99"]
[EventDate "2012.04.27"]
[EventType "team-swiss"]
[EventRounds "7"]
[EventCountry "ITA"]
[SourceTitle "CBM 148 Extra"]
[Source "ChessBase"]
[SourceDate "2012.06.22"]
[SourceVersion "1"]
[SourceVersionDate "2012.06.22"]
[SourceQuality "1"]
[WhiteTeam "Bologna Italiana"]
[BlackTeam "Padova Obiettivo"]
[WhiteTeamCountry "ITA"]
[BlackTeamCountry "ITA"]

1. e4 c5 2. c3 e6 3. d4 d5 4. exd5 Qxd5 5. Nf3 Nf6 6. Be2 Be7 7. 0-0 cxd4 8. cxd4 0-0 9. Ne5 Qd8 10. Nc3 Nbd7 11. Bf3 Nb6 12. Be3 Nbd5 13. Qb3 Nxe3 14. fxe3 Nd7 15. Nc4 Rb8 16. a4 a6 17. Rfd1 b6 18. d5 e5 19. d6 Bg5 20. Nd5 Bb7 21. Qc3 Bxd5 22. Rxd5 Kh8 23. Rad1 Qe8 24. e4 f5 25. exf5 e4 26. Be2 Bf6 27. Qe3 Qd8 28. Qxe4 b5 29. axb5 axb5 30. Nd2 Nb6 31. Rxb5 Qxd6 32. Nf3 Qc7 33. Qb4 Rfe8 34. Bf1 Nd7 35. Qd6 Qa7+ 36. Kh1 Rbd8 37. Qa3 Qc7 38. Rbd5 Ne5 39. Rxd8 Rxd8 40. Rxd8+ Qxd8 41. Nd4 Ng4 42. Ne6 Qb8 43. Qf8+ Qxf8 44. Nxf8 Bxb2 45. h3 Nf2+ 46. Kg1 Bd4 47. Ne6 Ba7 48. Kh2 Bb8+ 49. Kg1 Ba7 50. Kh2 1/2-1/2

[Event "ITA-chT"]
[Site "Arvier"]
[Date "2012.04.28"]
[Round "2"]
[White "Marin, Mihail"]
[Black "Ronchetti, Niccolo"]
[Result "1-0"]
[WhiteElo "2539"]
[BlackElo "2446"]
[PlyCount "83"]
[EventDate "2012.04.27"]
[EventType "team-swiss"]
[EventRounds "7"]
[EventCountry "ITA"]
[SourceTitle "CBM 148 Extra"]
[Source "ChessBase"]
[SourceDate "2012.06.22"]
[SourceVersion "1"]
[SourceVersionDate "2012.06.22"]
[SourceQuality "1"]
[WhiteTeam "Pesaro Scavolini Datagest"]
[BlackTeam "Bologna Italiana"]
[WhiteTeamCountry "ITA"]
[BlackTeamCountry "ITA"]

1. d4 d5 2. Nf3 Nf6 3. e3 Bf5 4. c4 c6 5. cxd5 cxd5 6. Qb3 Qc8 7. Bd2 Nc6 8. Bb5 e6 9. 0-0 Bd6 10. Bb4 Ne4 11. Rc1 f6 12. Nc3 Bxb4 13. Qxb4 Qd7 14. Bxc6 bxc6 15. Nxe4 Bxe4 16. Nd2 Bg6 17. Nb3 Kf7 18. Rc5 Rhc8 19. Rac1 Kg8 20. Qc3 Rab8 21. Na5 Be8 22. b4 a6 23. h3 Rb6 24. a3 Qd6 25. e4 Rb5 26. e5 fxe5 27. Qg3 Rxc5 28. Rxc5 Qb8 29. Qxe5 Qxe5 30. dxe5 Bd7 31. f3 Kf7 32. Kf2 Ke7 33. Ke3 Kd8 34. Nb3 Kc7 35. Ra5 Ra8 36. Kd4 Kb6 37. Nc5 Bc8 38. f4 Rb8 39. f5 exf5 40. e6 Kc7 41. e7 Bb7 42. Rxa6 1-0

[Event "Rome Barclays op-A 1st"]
[Site "Rome"]
[Date "2011.09.05"]
[Round "2"]
[White "Ronchetti, Niccolo"]
[Black "Jones, Gawain C B"]
[Result "1-0"]
[WhiteElo "2440"]
[BlackElo "2624"]
[PlyCount "175"]
[EventDate "2011.09.04"]
[EventType "swiss"]
[EventRounds "9"]
[EventCountry "ITA"]
[SourceTitle "CBM 144 Extra"]
[Source "ChessBase"]
[SourceDate "2011.10.28"]
[SourceVersion "1"]
[SourceVersionDate "2011.10.28"]
[SourceQuality "1"]

1. e4 e5 2. Nf3 Nc6 3. Bb5 a6 4. Ba4 Nf6 5. 0-0 Be7 6. Re1 b5 7. Bb3 d6 8. c3 0-0 9. d4 Bg4 10. Be3 exd4 11. cxd4 d5 12. e5 Ne4 13. Nc3 Nxc3 14. bxc3 Qd7 15. h3 Bh5 16. Bf4 Nd8 17. g4 Bg6 18. Bg3 a5 19. a4 b4 20. c4 Be4 21. Nd2 dxc4 22. Nxe4 cxb3 23. d5 Nb7 24. Qxb3 Nc5 25. Nxc5 Bxc5 26. Rac1 Bb6 27. e6 fxe6 28. dxe6 Qe7 29. Rcd1 Kh8 30. Rd7 Qc5 31. Qb2 Qc3 32. Qxc3 bxc3 33. Re2 Rfd8 34. Bxc7 Bxc7 35. e7 Re8 36. Rxc7 Kg8 37. Rxc3 Ra7 38. Rce3 Kf7 39. Rf3+ Kg8 40. Rfe3 Kf7 41. Kg2 h6 42. f4 Rc7 43. Kf3 g6 44. Re4 Rc1 45. Re1 Rc3+ 46. R1e3 Rc1 47. Re5 Rc4 48. R3e4 Rc3+ 49. Kg2 Rc2+ 50. Kg3 Rc3+ 51. Kh4 Ra3 52. Re6 Rf3 53. g5 hxg5+ 54. fxg5 Rf1 55. Kg4 Rg1+ 56. Kf4 Rh1 57. Ke5 Rxe7 58. Rxe7+ Kxe7 59. h4 Rb1 60. Rc4 Re1+ 61. Kd5 Rb1 62. Rc7+ Kf8 63. Rc4 Kf7 64. Rc7+ Kf8 65. Ra7 Rb4 66. Rxa5 Rxh4 67. Ke5 Rc4 68. Ke6 Rf4 69. Kd6 Rg4 70. Ke6 Rf4 71. Ra8+ Kg7 72. Ra7+ Kg8 73. a5 Rc4 74. Rd7 Ra4 75. Rd5 Kg7 76. Re5 Rd4 77. Ke7 Rd1 78. Ke6 Rd2 79. Rd5 Rc2 80. a6 Re2+ 81. Kd7 Ra2 82. Rd6 Ra5 83. Kc7 Rxg5 84. a7 Ra5 85. Kb7 Rxa7+ 86. Kxa7 Kh6 87. Kb6 Kh5 88. Kc5 1-0

[Event "ITA-chT 43rd"]
[Site "Spoleto"]
[Date "2011.04.29"]
[Round "4"]
[White "Socko, Bartosz"]
[Black "Ronchetti, Niccolo"]
[Result "1/2-1/2"]
[WhiteElo "2660"]
[BlackElo "2416"]
[PlyCount "46"]
[EventDate "2011.04.28"]
[EventType "team"]
[EventRounds "7"]
[EventCountry "ITA"]
[SourceTitle "EXT 2012"]
[Source "ChessBase"]
[SourceDate "2011.11.24"]
[SourceVersion "1"]
[SourceVersionDate "2011.11.24"]
[SourceQuality "1"]
[WhiteTeam "ASD Fischer"]
[BlackTeam "Accademia le due Torri"]
[WhiteTeamCountry "ITA"]
[BlackTeamCountry "ITA"]

1. e4 e5 2. Nf3 Nc6 3. Bb5 a6 4. Bxc6 dxc6 5. 0-0 f6 6. d4 exd4 7. Nxd4 c5 8. Ne2 Qxd1 9. Rxd1 Bd7 10. Nbc3 0-0-0 11. Be3 Re8 12. Rd2 Bc6 13. Rad1 b6 14. f3 Ne7 15. Nf4 Ng6 16. Nxg6 hxg6 17. Bf4 Be7 18. Nd5 Bd8 19. c4 f5 20. exf5 gxf5 21. Rd3 Re2 22. Bd2 Bxd5 23. Rxd5 Bf6 1/2-1/2

[Event "ITA-chT 43rd"]
[Site "Spoleto"]
[Date "2011.04.28"]
[Round "1"]
[White "Salgado Lopez, Ivan"]
[Black "Ronchetti, Niccolo"]
[Result "1-0"]
[WhiteElo "2630"]
[BlackElo "2416"]
[PlyCount "79"]
[EventDate "2011.04.28"]
[EventType "team"]
[EventRounds "7"]
[EventCountry "ITA"]
[SourceTitle "EXT 2012"]
[Source "ChessBase"]
[SourceDate "2011.11.24"]
[SourceVersion "1"]
[SourceVersionDate "2011.11.24"]
[SourceQuality "1"]
[WhiteTeam "Portlab Club 64"]
[BlackTeam "Accademia le due Torri"]
[WhiteTeamCountry "ITA"]
[BlackTeamCountry "ITA"]

1. e4 e5 2. Nf3 Nc6 3. Bb5 a6 4. Ba4 Nf6 5. Nc3 b5 6. Bb3 Be7 7. a4 b4 8. Nd5 Nxe4 9. d4 exd4 10. 0-0 0-0 11. Re1 Nc5 12. Nxd4 Bf6 13. Nxc6 dxc6 14. Nxf6+ Qxf6 15. Bc4 Be6 16. Bf1 Bd5 17. a5 Ne6 18. c4 bxc3 19. bxc3 Qxc3 20. Ra3 Qb4 21. Rg3 f6 22. Ba3 Qxa5 23. Bxf8 Rxf8 24. Qb1 Qc5 25. Qf5 Ng5 26. h4 g6 27. Qb1 Ne6 28. h5 g5 29. h6 Nf4 30. Qf5 Qd6 31. Rge3 Ng6 32. Bd3 a5 33. Re7 Rf7 34. Re8+ Nf8 35. Bc2 Qc5 36. Rb1 Re7 37. Qxf6 Rf7 38. Qxg5+ Kh8 39. Qe5+ Kg8 40. Qg3+ 1-0

[Event "ITA-chT 42nd"]
[Site "Arvier"]
[Date "2010.04.29"]
[Round "2"]
[White "Ronchetti, Niccolo"]
[Black "Brunello, Sabino"]
[Result "0-1"]
[WhiteElo "2423"]
[BlackElo "2476"]
[PlyCount "68"]
[EventDate "2010.04.29"]
[EventType "team"]
[EventRounds "7"]
[EventCountry "ITA"]
[SourceTitle "CBM 136 Extra"]
[Source "ChessBase"]
[SourceDate "2010.07.02"]
[SourceVersion "2"]
[SourceVersionDate "2010.07.15"]
[SourceQuality "1"]

1. e4 e5 2. Nf3 Nc6 3. d4 exd4 4. Nxd4 Bc5 5. Be3 Qf6 6. Nb5 Bxe3 7. fxe3 Qh4+ 8. g3 Qd8 9. Qg4 g6 10. Qf4 d6 11. N1c3 a6 12. Nd4 Ne5 13. Be2 Bh3 14. 0-0-0 h5 15. Rd2 Nf6 16. Nf3 Nfd7 17. Ng5 Be6 18. h4 Qe7 19. Qf1 Nb6 20. Rd4 Nc6 21. Rd1 0-0-0 22. Kb1 d5 23. Nxe6 fxe6 24. Rh2 Qc5 25. Qf6 d4 26. Qxe6+ Kb8 27. exd4 Nxd4 28. Qxg6 Na4 29. Rd3 Nxc3+ 30. bxc3 Nb5 31. Rg2 Nxc3+ 32. Kb2 Qb4+ 33. Kc1 Nxa2+ 34. Kd1 Qb1+ 0-1

[Event "ITA-chT 41st"]
[Site "Senigallia"]
[Date "2009.05.02"]
[Round "5"]
[White "Vezzosi, Paolo"]
[Black "Ronchetti, Niccolo"]
[Result "1/2-1/2"]
[WhiteElo "2363"]
[BlackElo "2420"]
[PlyCount "68"]
[EventDate "2009.04.30"]
[EventType "team-tourn"]
[EventRounds "7"]
[EventCountry "ITA"]
[SourceTitle "CBM 130 Extra"]
[Source "ChessBase"]
[SourceDate "2009.07.02"]
[SourceVersion "2"]
[SourceVersionDate "2009.07.15"]
[SourceQuality "1"]

1. e4 c5 2. Nc3 g6 3. g3 Bg7 4. Bg2 Nc6 5. d3 d6 6. Nge2 e6 7. Be3 Nd4 8. 0-0 Ne7 9. Qd2 0-0 10. Rae1 Rb8 11. Nd1 b5 12. c3 Nxe2+ 13. Rxe2 b4 14. Bh6 Qa5 15. Bxg7 Kxg7 16. Ne3 Qxa2 17. Nc4 Qa6 18. e5 d5 19. Nd6 bxc3 20. Qxc3 Qb6 21. Rc1 Nc6 22. Qxc5 Nd4 23. Ree1 Ba6 24. Qa3 Qxb2 25. Qxb2 Rxb2 26. Rc7 Bxd3 27. Rxa7 Nc6 28. Raa1 Rd8 29. f4 Rdb8 30. Bf1 Nd4 31. Bxd3 Nf3+ 32. Kf1 Nxh2+ 33. Kg1 Nf3+ 34. Kf1 Nh2+ 1/2-1/2

[Event "ITA-chT 41st"]
[Site "Senigallia"]
[Date "2009.05.01"]
[Round "4"]
[White "Ronchetti, Niccolo"]
[Black "Delorme, Axel"]
[Result "1/2-1/2"]
[WhiteElo "2420"]
[BlackElo "2394"]
[PlyCount "38"]
[EventDate "2009.04.30"]
[EventType "team-tourn"]
[EventRounds "7"]
[EventCountry "ITA"]
[SourceTitle "CBM 130 Extra"]
[Source "ChessBase"]
[SourceDate "2009.07.02"]
[SourceVersion "2"]
[SourceVersionDate "2009.07.15"]
[SourceQuality "1"]

1. e4 e6 2. d4 d5 3. exd5 exd5 4. c4 Bb4+ 5. Nc3 Ne7 6. Nf3 0-0 7. Bd3 Bf5 8. 0-0 Bxd3 9. Qxd3 dxc4 10. Qxc4 Bd6 11. Qb3 b6 12. Bg5 h6 13. Bh4 Qd7 14. Rfe1 Nf5 15. Qd5 Nxh4 16. Nxh4 Nc6 17. Nf5 Rad8 18. Qe4 Rfe8 19. Qf3 Ne7 1/2-1/2

[Event "Bologna"]
[Site "Bologna"]
[Date "2009.04.??"]
[Round "1"]
[White "Martinez, Rolly"]
[Black "Ronchetti, Niccolo"]
[Result "1/2-1/2"]
[WhiteElo "2419"]
[BlackElo "2420"]
[PlyCount "40"]
[EventDate "2009.04.??"]
[EventType "tourn"]
[EventRounds "9"]
[EventCountry "ITA"]
[EventCategory "2"]
[SourceTitle "EXT 2010"]
[Source "ChessBase"]
[SourceDate "2010.11.25"]
[SourceVersion "1"]
[SourceVersionDate "2010.11.25"]
[SourceQuality "1"]

1. e4 c5 2. Nf3 Nc6 3. Bb5 e6 4. Bxc6 bxc6 5. d3 Ne7 6. Qe2 d5 7. 0-0 Ng6 8. Nc3 Bd6 9. Na4 0-0 10. c4 e5 11. cxd5 cxd5 12. exd5 Bg4 13. h3 Bd7 14. Nc3 f5 15. Ng5 h6 16. Qh5 Rf6 17. Ne6 Qe7 18. Re1 Rb8 19. b3 Bxe6 20. dxe6 Qxe6 1/2-1/2

[Event "Bologna"]
[Site "Bologna"]
[Date "2009.04.??"]
[Round "4"]
[White "Tomba, Ivan"]
[Black "Ronchetti, Niccolo"]
[Result "1/2-1/2"]
[WhiteElo "2301"]
[BlackElo "2420"]
[PlyCount "20"]
[EventDate "2009.04.??"]
[EventType "tourn"]
[EventRounds "9"]
[EventCountry "ITA"]
[EventCategory "2"]
[SourceTitle "EXT 2010"]
[Source "ChessBase"]
[SourceDate "2010.11.25"]
[SourceVersion "1"]
[SourceVersionDate "2010.11.25"]
[SourceQuality "1"]

1. c4 c5 2. Nf3 Nf6 3. Nc3 Nc6 4. g3 g6 5. Bg2 Bg7 6. 0-0 0-0 7. d4 cxd4 8. Nxd4 Nxd4 9. Qxd4 d6 10. Qd2 Rb8 1/2-1/2

[Event "Reggio Emilia-A 51st"]
[Site "Reggio Emilia"]
[Date "2009.01.04"]
[Round "9"]
[White "Leon Hoyos, Manuel"]
[Black "Ronchetti, Niccolo"]
[Result "1/2-1/2"]
[WhiteElo "2535"]
[BlackElo "2414"]
[PlyCount "92"]
[EventDate "2008.12.27"]
[EventType "tourn"]
[EventRounds "9"]
[EventCountry "ITA"]
[EventCategory "14"]
[SourceTitle "CBM 128"]
[Source "ChessBase"]
[SourceDate "2009.01.28"]
[SourceVersion "1"]
[SourceVersionDate "2009.01.28"]
[SourceQuality "1"]

1. c4 c5 2. Nc3 Nf6 3. Nf3 Nc6 4. d4 cxd4 5. Nxd4 g6 6. e4 Bg7 7. Be3 0-0 8. Be2 b6 9. 0-0 Bb7 10. Qd2 Nxd4 11. Bxd4 e5 12. Bxe5 Nxe4 13. Nxe4 Bxe5 14. Nc3 Re8 15. Rac1 Qf6 16. Rc2 Rad8 17. Rd1 h5 18. Bf1 h4 19. Qd3 Kg7 20. b3 Qf4 21. g3 hxg3 22. fxg3 Qg5 23. Bg2 Bc6 24. Rf1 f5 25. Re2 Qf6 26. Rfe1 Bd4+ 27. Kh1 Rxe2 28. Nxe2 Re8 29. Rf1 Bc5 30. Nf4 Re3 31. Qd2 Qc3 32. Qxc3+ Rxc3 33. Bxc6 dxc6 34. Rd1 Kf6 35. Nd3 Ba3 36. Rd2 a5 37. Kg2 a4 38. bxa4 Rxc4 39. Nf4 Rxa4 40. Rc2 Bc5 41. Nd3 Ra3 42. Nxc5 bxc5 43. Rxc5 Rxa2+ 44. Kf3 Ra3+ 45. Kf2 Ra6 46. g4 fxg4 1/2-1/2

[Event "Reggio Emilia-A 51st"]
[Site "Reggio Emilia"]
[Date "2009.01.01"]
[Round "6"]
[White "Cebalo, Miso"]
[Black "Ronchetti, Niccolo"]
[Result "0-1"]
[WhiteElo "2493"]
[BlackElo "2414"]
[PlyCount "62"]
[EventDate "2008.12.27"]
[EventType "tourn"]
[EventRounds "9"]
[EventCountry "ITA"]
[EventCategory "14"]
[SourceTitle "CBM 128"]
[Source "ChessBase"]
[SourceDate "2009.01.28"]
[SourceVersion "1"]
[SourceVersionDate "2009.01.28"]
[SourceQuality "1"]

1. d4 d5 2. c4 dxc4 3. Nf3 Nf6 4. e3 e6 5. Bxc4 c5 6. 0-0 a6 7. Bb3 Nc6 8. Nc3 b5 9. Qe2 Bb7 10. Rd1 Na5 11. Bc2 cxd4 12. exd4 Be7 13. a3 0-0 14. Ne5 Rc8 15. Rd3 Nc6 16. Nxc6 Bxc6 17. Rg3 g6 18. Bh6 Re8 19. Rd1 Bd6 20. Rh3 Nd5 21. Qd2 Nxc3 22. bxc3 Bxa3 23. c4 Be7 24. c5 Qd5 25. Rg3 Bf6 26. Bb3 Qf5 27. Bg5 Rcd8 28. Bxf6 Qxf6 29. f4 Rd7 30. f5 Qxf5 31. Rf1 Qxc5 0-1

[Event "Reggio Emilia-A 51st"]
[Site "Reggio Emilia"]
[Date "2008.12.30"]
[Round "4"]
[White "Almasi, Zoltan"]
[Black "Ronchetti, Niccolo"]
[Result "1-0"]
[WhiteElo "2663"]
[BlackElo "2414"]
[PlyCount "51"]
[EventDate "2008.12.27"]
[EventType "tourn"]
[EventRounds "9"]
[EventCountry "ITA"]
[EventCategory "14"]
[SourceTitle "CBM 128"]
[Source "ChessBase"]
[SourceDate "2009.01.28"]
[SourceVersion "1"]
[SourceVersionDate "2009.01.28"]
[SourceQuality "1"]

1. e4 c5 2. Nf3 Nc6 3. c3 d5 4. exd5 Qxd5 5. d4 Nf6 6. Be3 e6 7. Na3 cxd4 8. Nb5 Qd8 9. Nbxd4 Nxd4 10. Bxd4 Be7 11. Bd3 Qc7 12. 0-0 0-0 13. Re1 Bd7 14. Ng5 g6 15. Qf3 Qc6 16. Qe2 Rfd8 17. Qe5 Qd5 18. Qf4 h6 19. Nf3 Kg7 20. Be4 Qb5 21. a4 Qa6 22. b4 Bxa4 23. Be5 Rac8 24. h4 h5 25. g4 hxg4 26. Nh2 1-0

[Event "Reggio Emilia-A 51st"]
[Site "Reggio Emilia"]
[Date "2008.12.29"]
[Round "3"]
[White "Ronchetti, Niccolo"]
[Black "Shytaj, Luca"]
[Result "1/2-1/2"]
[WhiteElo "2414"]
[BlackElo "2472"]
[PlyCount "35"]
[EventDate "2008.12.27"]
[EventType "tourn"]
[EventRounds "9"]
[EventCountry "ITA"]
[EventCategory "14"]
[SourceTitle "CBM 128"]
[Source "ChessBase"]
[SourceDate "2009.01.28"]
[SourceVersion "1"]
[SourceVersionDate "2009.01.28"]
[SourceQuality "1"]

1. e4 c5 2. Nf3 Nf6 3. e5 Nd5 4. Nc3 Nxc3 5. dxc3 Nc6 6. Bc4 e6 7. Bf4 Qc7 8. Qd2 h6 9. h4 b6 10. 0-0-0 Bb7 11. h5 0-0-0 12. Rh3 Ne7 13. Bh2 Nd5 14. Bxd5 Bxd5 15. Qf4 f6 16. c4 Bc6 17. Nh4 Qxe5 18. Qxe5 1/2-1/2

[Event "Reggio Emilia-A 51st"]
[Site "Reggio Emilia"]
[Date "2008.12.27"]
[Round "1"]
[White "Ronchetti, Niccolo"]
[Black "Gustafsson, Jan"]
[Result "0-1"]
[WhiteElo "2414"]
[BlackElo "2634"]
[PlyCount "162"]
[EventDate "2008.12.27"]
[EventType "tourn"]
[EventRounds "9"]
[EventCountry "ITA"]
[EventCategory "14"]
[SourceTitle "CBM 128"]
[Source "ChessBase"]
[SourceDate "2009.01.28"]
[SourceVersion "1"]
[SourceVersionDate "2009.01.28"]
[SourceQuality "1"]

1. e4 e5 2. Nf3 Nc6 3. d4 exd4 4. Nxd4 Nf6 5. Nxc6 bxc6 6. e5 Qe7 7. Qe2 Nd5 8. c4 Ba6 9. b3 g6 10. f4 d6 11. Bb2 Bg7 12. Qf3 dxe5 13. cxd5 exf4+ 14. Kd2 Bxb2 15. Bxa6 0-0 16. Nc3 Qa3 17. Na4 Qb4+ 18. Kc2 Bxa1 19. Rxa1 cxd5 20. Rf1 Qa3 21. Kb1 Rab8 22. Ka1 Qd6 23. Bd3 Rfe8 24. Qxf4 Re1+ 25. Kb2 Rxf1 26. Qxf1 Qxh2 27. Qf2 a5 28. Kc2 Rb4 29. Be2 Qf4 30. Qxf4 Rxf4 31. Bf3 c6 32. Nc5 Kf8 33. Nb7 h5 34. Kd3 a4 35. Na5 axb3 36. axb3 c5 37. Nc6 c4+ 38. bxc4 dxc4+ 39. Kc3 Kg7 40. Ne5 h4 41. Bc6 g5 42. Nxc4 g4 43. Kd3 Kg6 44. Ne3 Kg5 45. Ke2 Rd4 46. Kf2 Rd2+ 47. Kg1 f5 48. Nf1 Rc2 49. Bd7 Re2 50. Bb5 Rb2 51. Bc6 Kf4 52. Bd7 Re2 53. Bc8 Ra2 54. Be6 Ra3 55. Kf2 Rc3 56. Kg1 Ke5 57. Bd7 Rc7 58. Ba4 Kd4 59. Bb3 Rc6 60. Ba4 Rc1 61. Bd7 Ke4 62. Kf2 Rc2+ 63. Kg1 Rb2 64. Bc6+ Kf4 65. Bd7 g3 66. Bc6 Kg5 67. Bd5 f4 68. Bc6 Ra2 69. Bd5 Ra1 70. Bc6 h3 71. gxh3 Kh4 72. Kg2 Ra2+ 73. Kg1 Kxh3 74. Bd7+ Kh4 75. Bc6 Rf2 76. Bd7 f3 77. Ne3 Re2 78. Nf5+ Kg5 79. Nxg3 Rg2+ 80. Kf1 Rxg3 81. Kf2 Kf4 0-1

[Event "Nikaia op 16th"]
[Site "Nikaia"]
[Date "2008.09.01"]
[Round "9"]
[White "Ronchetti, Niccolo"]
[Black "Malikentzos, Sotirios"]
[Result "1-0"]
[WhiteElo "2434"]
[BlackElo "2063"]
[PlyCount "57"]
[EventDate "2008.08.25"]
[EventType "swiss"]
[EventRounds "9"]
[EventCountry "GRE"]
[SourceTitle "CBM 126 Extra"]
[Source "ChessBase"]
[SourceDate "2008.11.05"]
[SourceVersion "1"]
[SourceVersionDate "2008.11.05"]
[SourceQuality "1"]

1. e4 c6 2. d4 d5 3. exd5 cxd5 4. c4 Nf6 5. Nc3 e6 6. Nf3 Bb4 7. cxd5 Nxd5 8. Qc2 Nc6 9. Bd3 Be7 10. a3 h6 11. 0-0 0-0 12. Qe2 Re8 13. Rd1 Bf8 14. h4 Bd7 15. Bc2 Nf6 16. Ne5 Bd6 17. Bf4 Qe7 18. Qf3 Red8 19. Rd3 Be8 20. Re1 Rac8 21. Bb3 Qf8 22. Bxh6 gxh6 23. Qxf6 Bxe5 24. Rxe5 Nxe5 25. Qxe5 Kh7 26. Rg3 f6 27. Qxe6 Bd7 28. Bc2+ f5 29. Bxf5+ 1-0